| 000 | 00695nam a2200217 a 4500 | ||
|---|---|---|---|
| 005 | 20240228063704.0 | ||
| 008 | 030514s2006 mx r 000 0 spa d | ||
| 020 | _a9702008522 | ||
| 035 | _aUPN01000124148 | ||
| 049 | _aI | ||
| 050 | 4 |
_aPZ7 _bJ5.8 |
|
| 100 | 1 | _aJinks, Catherine | |
| 245 | 1 | 5 |
_aUnas vacaciones horribles / _cCatherine Jinks ; il. de Julián Cicero ; tr. Cecilia Olivares Mansuy. |
| 260 |
_aMéxico : _bCastillo, _c2006. |
||
| 300 |
_a70 p. : _bil. col. |
||
| 440 | 0 |
_aCastillo de la lectura. _pVerde |
|
| 534 |
_pTraducción de: _tThe horrible holiday |
||
| 650 | 7 |
_aLiteratura infantil estadounidense _2 _99173 |
|
| 650 | 4 |
_aRelaciones de familia _96077 |
|
| 905 | _aInfantil | ||
| 999 |
_c96327 _d96327 |
||